Chargement en cours…

The Agile College : How Institutions Successfully Navigate Demographic Changes /

"This book examines how institutions of higher education in the United States are responding to the challenges that demographic change presents. Grawe draws on interviews with leaders in higher education and case studies at a variety of institutions to provide prescient guidance for leaders in...

Description complète

Détails bibliographiques
Auteur principal: Grawe, Nathan D. (Auteur)
Format: Électronique eBook
Langue:Inglés
Publié: Baltimore : Johns Hopkins University Press, [2021]
Collection:Book collections on Project MUSE.
Sujets:
Accès en ligne:Texto completo

MARC

LEADER 00000cam a22000004a 4500
001 musev2_81089
003 MdBmJHUP
005 20230905052328.0
006 m o d
007 cr||||||||nn|n
008 200518s2021 mdu o 00 0 eng d
010 |z  2020018803 
020 |a 9781421440248 
020 |z 9781421440231 
035 |a (OCoLC)1225882053 
040 |a MdBmJHUP  |c MdBmJHUP 
100 1 |a Grawe, Nathan D.,  |e author. 
245 1 4 |a The Agile College :   |b How Institutions Successfully Navigate Demographic Changes /   |c Nathan D. Grawe. 
264 1 |a Baltimore :  |b Johns Hopkins University Press,  |c [2021] 
264 3 |a Baltimore, Md. :  |b Project MUSE,   |c 2021 
264 4 |c ©[2021] 
300 |a 1 online resource (264 pages). 
336 |a text  |b txt  |2 rdacontent 
337 |a computer  |b c  |2 rdamedia 
338 |a online resource  |b cr  |2 rdacarrier 
505 0 |a Part I. Demographic pressure -- Evolving demographic trends -- Updated projections of higher education demand -- New lenses for higher education demand -- A detailed examination by race -- Part II. The response of higher education -- Strategies and tactics for tackling disruptive change -- Recruitment and financial aid policies -- Retention initiatives -- Program reforms -- Reorganization, rightsizing, and other names for retrenchment -- Growth plans -- Collaborative action -- Something between Chicken Little and Pollyanna. 
520 |a "This book examines how institutions of higher education in the United States are responding to the challenges that demographic change presents. Grawe draws on interviews with leaders in higher education and case studies at a variety of institutions to provide prescient guidance for leaders in higher education who want to take proactive measures in advance of a predicted decrease in demand for higher education"--  |c Provided by publisher. 
588 |a Description based on print version record. 
650 7 |a Educational change.  |2 fast  |0 (OCoLC)fst00903371 
650 7 |a Education, Higher.  |2 fast  |0 (OCoLC)fst00903005 
650 0 |a Education, Higher  |z Aims and objectives  |z United States. 
650 0 |a Educational change  |z United States. 
650 0 |a Education, Higher  |z Demographic aspects  |z United States. 
651 7 |a United States.  |2 fast  |0 (OCoLC)fst01204155 
655 7 |a Electronic books.   |2 local 
710 2 |a Project Muse.  |e distributor 
830 0 |a Book collections on Project MUSE. 
856 4 0 |z Texto completo  |u https://projectmuse.uam.elogim.com/book/81089/ 
945 |a Project MUSE - Custom Collection 
945 |a Project MUSE - 2021 Complete 
945 |a Project MUSE - 2021 Education and Rhetoric